000 00319nam a22001337a 4500
008 181030b xxu||||| |||| 00| 0 eng d
020 _a9781416059097
041 _aeng
080 _23rd
_a610
100 _a4
101 _aSHM
245 _aAtlas of Pelvic Anatomy and Gynecologic Surgery
_cKaram, B
942 _2udc
_cBK
999 _c51173
_d51173